[Event "Madrid ch - Previa B 2013"]
[Site "Madrid ESP"]
[Date "2013.02.23"]
[Round "9.25"]
[White "Lopez Garralon, Jorge"]
[Black "Morona Calvo, Virgilio"]
[Result "1-0"]
[WhiteElo "1270"]
[BlackElo "1492"]
[PlyCount "81"]
[EventDate "2013.02.01"]
[EventType "swiss"]
[EventRounds "9"]
[EventCountry "ESP"]
[Source "lmi"]
[SourceDate "2013.02.01"]

1. e4 e5 2. d3 Nc6 3. Nf3 d6 4. Nbd2 Be7 5. Be2 Nf6 6. c3 O-O 7. b4 a6 8. h3 d5
9. Qc2 d4 10. cxd4 Nxd4 11. Nxd4 Qxd4 12. Bb2 Qd6 13. a3 b5 14. Nf3 Nd7 15. Rc1
Ra7 16. O-O f6 17. Qb3+ Kh8 18. Nh4 c5 19. Nf5 c4 20. dxc4 bxc4 21. Rxc4 Qe6
22. Qg3 Qf7 23. Rfc1 Nb6 24. Rc7 Rxc7 25. Rxc7 Bxf5 26. exf5 Re8 27. Bxa6 Qd5
28. Rc1 Qd2 29. Qc3 Qxc3 30. Rxc3 Nd5 31. Rc6 h6 32. b5 Rb8 33. Rc8+ Rxc8 34.
Bxc8 Kg8 35. a4 Nb6 36. Be6+ Kf8 37. a5 Na4 38. a6 Bc5 39. Bc1 Ke7 40. Be3 Bb6
41. a7 1-0

[Event "Madrid ch - Previa B 2013"]
[Site "Madrid ESP"]
[Date "2013.02.23"]
[Round "9.26"]
[White "Di Pietro Moreno, Fatima"]
[Black "Melcon Diez, Enrique"]
[Result "0-1"]
[WhiteElo "1273"]
[BlackElo "1669"]
[PlyCount "56"]
[EventDate "2013.02.01"]
[EventType "swiss"]
[EventRounds "9"]
[EventCountry "ESP"]
[Source "lmi"]
[SourceDate "2013.02.01"]

1. e4 c5 2. Nf3 g6 3. d4 cxd4 4. Nxd4 Bg7 5. Be3 Nf6 6. Nc3 Nc6 7. Nb3 O-O 8.
Be2 d6 9. O-O Be6 10. f4 Qc8 11. h3 a6 12. Nd4 Nxd4 13. Bxd4 Bc4 14. Bxc4 Qxc4
15. e5 dxe5 16. Bxe5 Rfd8 17. Qf3 b5 18. a3 e6 19. Rfe1 Nd5 20. Bxg7 Kxg7 21.
Nxd5 Rxd5 22. c3 Rad8 23. Re2 Rd2 24. Rxd2 Rxd2 25. Rb1 Qb3 26. Qe3 Qc2 27.
Qe5+ f6 28. Qc7+ Kh6 0-1

[Event "Madrid ch - Previa B 2013"]
[Site "Madrid ESP"]
[Date "2013.02.23"]
[Round "9.27"]
[White "Caravantes Camacho, Fernando"]
[Black "Roman Garcia, Jose Luis"]
[Result "0-1"]
[WhiteElo "1817"]
[BlackElo "1512"]
[PlyCount "50"]
[EventDate "2013.02.01"]
[EventType "swiss"]
[EventRounds "9"]
[EventCountry "ESP"]
[Source "lmi"]
[SourceDate "2013.02.01"]

1. e4 e5 2. Nf3 Nc6 3. Bc4 Be7 4. O-O Nf6 5. Nc3 d6 6. h3 O-O 7. d4 exd4 8.
Nxd4 Ne5 9. Bb3 c5 10. Nf3 c4 11. Ba4 a6 12. Qe2 b5 13. Nxb5 axb5 14. Bxb5
Nxf3+ 15. Qxf3 Ba6 16. Bxa6 Rxa6 17. Rd1 Qa8 18. Bg5 Rxa2 19. Rxa2 Qxa2 20. Qc3
Nxe4 21. Qb4 Nxg5 22. Rd5 Qb1+ 23. Kh2 Qxc2 24. Qb7 Bf6 25. Rxd6 Be5+ 0-1